Nazwy geograficzne w tytułach piosenek - Statystyki

Ogólne statystyki
  • Ten quiz został rozwiązany 257 razy
    256 od ostatniego zresetowania
  • Średni wynik to 10 z 24
Statystyki odpowiedzi
Wykonawca Tytuł % Poprawnych
Sławomir Miłość w {Zakopanem}
88%
Czesław Niemen Sen o {Warszawie}
87%
Maanam Cykady na {Cykladach}
81%
Kobranocka Kocham Cię jak {Irlandię}
74%
Boney M Rivers of {Babylon}
66%
Maanam Boskie {Buenos}
64%
Alphaville Big in {Japan}
60%
The Mamas & the Papas {California} Dreaming
51%
Murray Head One Night in {Bangkok}
36%
Elvis Presley Viva {Las Vegas}
36%
Madonna Don't Cry for Me {Argentina}
35%
Bruce Springsteen Streets of {Philadelphia}
35%
Pidżama Porno Ezoteryczny {Poznań}
30%
Strachy na Lachy {Piła} Tango
30%
The Clash {London} Calling
29%
Goombay Dance Band Sun of {Jamaica}
28%
Scott McKenzie {San Francisco} (Be Sure To Wear Flowers In Your Hair)
23%
Marek Grechuta & Myslovitz {Kraków}
22%
Freddie Mercury & Montserrat Caballe {Barcelona}
21%
Marc Cohn Walking in {Memphis}
21%
Enya {Orinoco} Flow
17%
Sash! {Ecuador}
15%
Billy Joel {New York} State of Mind
13%
Mike Oldfield (Never going to get) to {France}
8%
Nie znaleziono quizów pasujących do podanych kryteriów
Rozkład punktacji
Procent ludzi z każdym wynikiem
Percentyl według liczby udzielonych odpowiedzi
Twoja historia wyników
Nie rozwiązałeś tego quizu od ostatniego zresetowania